000 00497nam a2200169Ia 4500
008 090711s9999 xx 000 0 und d
082 _b34067
100 _aजागीरदार गजानन
245 _aसंध्याकाळ
260 _c1972
300 _a117
600 _aजागीरदार गजानन
630 _aसंध्याकाळ
700 _aजागीरदार गजानन
730 _aसंध्याकाळ
942 _cBOOK
999 _c332395
_d332395